Statistics for Lowest Fertility Countries Quiz

Click here to take the quiz!

General Stats

  • This quiz has been taken 35,936 times
    (18,037 since last reset)
  • The average score is 11 of 20

Answer Stats

Rate Country % Correct
1.41Japan
83%
1.45Germany
75%
1.44Italy
68%
1.26South Korea
62%
1.35Poland
62%
1.47Austria
61%
1.43Greece
61%
1.41Slovakia
58%
1.35Romania
57%
1.36Slovenia
57%
1.44Serbia
57%
1.45Czech Republic
56%
1.40Croatia
56%
1.45Hungary
56%
1.46Bulgaria
54%
1.30Bosnia and Herzegovina
52%
0.83Singapore
48%
1.13Taiwan
45%
1.40Andorra
43%
1.47Cyprus
30%

Score Distribution

Percentile by Number Answered

Percent of People with Each Score

Your Score History

You have not taken this quiz since the last reset